| 000 | 00500nam a22001697a 4500 | ||
|---|---|---|---|
| 999 |
_c9020 _d9020 |
||
| 008 | 210319b ||||| |||| 00| 0 eng d | ||
| 040 | _aBMS College of Architecture | ||
| 100 | _aVernekar, D, Shruthi | ||
| 245 | _aSpa resort | ||
| 300 | _a51p. | ||
| 500 | _a1BM09AT050 | ||
| 502 |
_8B.Arch _NBMS College of Architecture, Visvesvaraya Technological University _aProject report _d2013 |
||
| 650 | _aResort | ||
| 700 |
_aAjaichandran C K _eGuide |
||
| 700 |
_aBhagyalaxmi M _eGuide |
||
| 942 |
_2ddc _cTHE |
||